| Tag |
First Indicator |
Second Indicator |
Subfields |
| LEADER |
00000cam a2200000 a 4500 |
| 001 |
in00001237373 |
| 005 |
20151003062420.0 |
| 008 |
931022s1994 dcub b 001 0 eng |
| 010 |
|
|
|a 93031040
|
| 020 |
|
|
|a 0887282547 (hc) :
|c $24.95
|
| 035 |
|
|
|a (OCoLC)29360344
|
| 035 |
|
|
|9 AGS7676AM
|
| 040 |
|
|
|a DLC
|c DLC
|d TXA
|d UtOrBLW
|
| 043 |
|
|
|a a-is---
|a awba---
|a awgz---
|
| 049 |
|
|
|a TXAM
|
| 050 |
0 |
0 |
|a KMK2168.5
|b .D86 1994
|
| 082 |
0 |
0 |
|a 297/.65
|2 20
|
| 100 |
1 |
|
|a Dumper, Michael.
|
| 245 |
1 |
0 |
|a Islam and Israel :
|b Muslim religious endowments and the Jewish state /
|c Michael Dumper.
|
| 264 |
|
1 |
|a Washington, D.C. :
|b Institute for Palestine Studies,
|c [1994]
|
| 264 |
|
4 |
|c ©1994
|
| 300 |
|
|
|a xi, 192 pages :
|b maps ;
|c 24 cm.
|
| 336 |
|
|
|a text
|b txt
|2 rdacontent
|
| 337 |
|
|
|a unmediated
|b n
|2 rdamedia
|
| 338 |
|
|
|a volume
|b nc
|2 rdacarrier
|
| 504 |
|
|
|a Includes bibliographical references (pages [171]-183) and index.
|
| 650 |
|
0 |
|a Waqf
|z Israel.
|
| 650 |
|
0 |
|a Waqf
|z West Bank.
|
| 650 |
|
0 |
|a Waqf
|z Gaza Strip.
|
| 650 |
|
0 |
|a Waqf
|z Palestine
|x History.
|
| 999 |
|
|
|a MARS
|
| 999 |
f |
f |
|s 1f79912f-2c08-35c3-aa3f-e52decef08ef
|i 84fa3a64-6eed-3e43-94ef-da66fc08d9e6
|t 0
|
| 952 |
f |
f |
|p ric
|a Texas A&M University
|b Rellis Campus
|c Joint Library Facility
|d Remote Storage
|t 0
|e KMK2168.5 .D86 1994
|h Library of Congress classification
|i unmediated -- volume
|m A14819111328
|
| 998 |
f |
f |
|a KMK2168.5 .D86 1994
|t 0
|l Remote Storage
|